| 000 | 00000nam 2200000za 4500 |
| 001 | 9.661436 |
| 003 | CaOODSP |
| 005 | 20240207110924 |
| 007 | ta |
| 008 | 150407|1999||||xxc||||| f|0| 0 fre d |
| 020 | |a0-662-64591-X |
| 040 | |aCaOODSP|bfre |
| 041 | |aeng |
| 041 | |afre |
| 043 | |an-cn--- |
| 086 | 1 |aSE1-2/1999-3 |
| 245 | 00|aRapport du directeur général des élections du Canada sur les élections partielles tenues le 15 novembre 1999 dans Hull--Aylmer, Mont-Royal, Saskatoon--Rosetown--Biggar, York-Ouest. |
| 260 | |aOttawa : |bÉlections Canada, |c1999. |
| 300 | |av, 21 p. ; |c28 cm. |
| 500 | |aDonnées de catalogage avant publication (Canada) imprimées dans cette publication. |
| 546 | |aBilingue |
| 563 | |aCouverture souple |
| 590 | |a00-08|b2000-02-25 |
| 691 | 07|aSystème électoral|2gcpds |
| 691 | 07|aÉlection partielle|2gcpds |
| 710 | 2 |aÉlections Canada. |
| 776 | 0#|tRapport du directeur général des élections du Canada sur les élections partielles tenues le 15 novembre 1999 dans Hull--Aylmer, Mont-Royal, Saskatoon--Rosetown--Biggar, York-Ouest |w(CaOODSP)9.639933 |
| 776 | 0#|tReport of the Chief Electoral Officer of Canada following the November 15, 1999 by-elections held in Hull--Aylmer, Mount Royal, Saskatoon--Rosetown--Biggar, York West |w(CaOODSP)9.695836 |
| 791 | |tReport of the Chief Electoral Officer of Canada following the November 15, 1999 by-elections held in Hull--Aylmer, Mount Royal, Saskatoon--Rosetown--Biggar, York West.|eeng|w(CaOODSP)9.661435 |